000 00393pab a2200157 454500
008 180718b1999 xxu||||| |||| 00| 0 eng d
100 _aChoudhury, Sujit
245 _aThe North East: a concept re-examined
260 _c1999
300 _ap.34-37
362 _aFeb
650 _aIndia - Politics and government
650 _aPolitics and government
773 _aSeminar
909 _a40009
999 _c40009
_d40009